000 01472 a2200241 4500
001 1892
005 20260407155419.0
008 260407a2006 arg spa d
003 AR-UNSa-BCEJYS
040 _aAR-UNSa-BCEJYS
_bspa
_cAR-UNSa-BCEJYS
080 _a657.47
_xContabilidad de Costos
245 1 0 _aLos costos en el sector público
020 _a978-987-01-0565-7
250 _a1a. ed.
264 1 _aBuenos Aires :
_bErrepar
_c2006
300 _axvi, 304 p.
_c22 cm.
505 _a1. El sector público y el control de gestión en las haciendas públicas - 2. Los principios de economía, eficiencia y eficacia. Su aplicabilidad en el sector público - 3. Pautas para el sistema de información en el sector público - 4. Fundamentos de la estructura básica de un sistema de información para el sector público - 5. Conceptos básicos de costos - 6. La información en materia de costos - 7. Antecedentes sobre la elaboración de información de costos en el sector público - 8. Aplicabilidad y uso de los costos en el sector público - 9. Hacia una teoría general de los costos (TGC)en la contabilidad de las haciendas públicas - 10. Ejercicio integral del uso de los costos en el sector público
041 _aspa
942 _cBK
590 _aniveau_biblio:m niveau_hierar:0
100 1 _aRodríguez, Roberto Mario
856 4 1 _uhttps://biblioeco.unsa.edu.ar/pmb/images/libros/Los costos en el sector publico-l118085.jpg
_yImagen de portada
_qimage/jpeg
999 _c192
_d192